000 00538nam a2200193Ia 4500
005 20250508151915.0
008 008 250505s9999 xx 000 0 rus d
037 _aBooks to be hide in OPAC
040 _aFEDL
_beng
_cFEDL
041 _arus
_2eng
084 _a407, RUS/O
_qFEDL
100 _aBarkhydrov
_9760339
245 0 _aText book of Russian language for classes 5th and 6th. Part 1
260 _c1956
300 _a221p.
700 _a Krychkov
_9760340
942 _cHB
_h407, RUS/O
999 _c1332862
_d1332862